000 00490pab a2200181 454500
008 180718b2007 xxu||||| |||| 00| 0 eng d
100 _aHamann, Kerstin
245 _aParty politics and the reemergence of social pacts in Western Europe
260 _c2007
300 _ap.971-94.
362 _aAug
650 _aPolitical parties - Western Europe
650 _aPolitical parties
700 _aKelly, John
773 _aComparative Political Studies
908 _aN
909 _a75740
999 _c75740
_d75740